| 000 | 00879nam a2200265 a 4500 | ||
|---|---|---|---|
| 001 | BRCA_4395 | ||
| 005 | 20190320204644.0 | ||
| 008 | 751231s1975 mx-ab#####---#000-0#spa-# | ||
| 041 | _aspa | ||
| 044 | _amx | ||
| 050 | 4 |
_aF1230 _b.L67 1975 |
|
| 100 | 1 |
_aLópez-Portillo y Weber, José _910109 |
|
| 245 | 1 | 0 |
_aLa conquista de la Nueva Galicia _cpor José López-Portillo y Weber. |
| 260 |
_aMéxico _c1975 |
||
| 300 |
_a385 p. _bil. a color, mapas _c24 cm. |
||
| 440 | 0 |
_aColección Peña colorada _911166 |
|
| 500 | _aIncluye índice onomástico e índice geográfico | ||
| 500 | _aColección Sonia Corcuera de Mancera | ||
| 504 | _aBibliografía: p. 349-353 | ||
| 651 | 4 |
_aNueva Galicia _xHistoria _910110 |
|
| 651 | 4 |
_aMéxico _xHistoria _yConquista, 1519-1540 _9442 |
|
| 651 | 4 |
_aMéxico _xHistoria _yPeriodo colonial, 1540-1810 _94206 |
|
| 902 | _aDSC | ||
| 942 |
_2lcc _cB |
||
| 999 |
_c4106 _d4106 |
||